000 01697nam a2200457 i 4500
001 37245
003 KOSZ 005
005 20240410062854.0
008 000204s1999 pl g 101 0 pol
015 _aPB 2001/13333
020 _a8390894467
040 _aWA N
_cWA N
_dKOSZ 005/RW
_dKOSZ 005/HR
041 1 _apol
_beng
_hukr
046 _k1999
080 _a94(438).082/.083
080 _a94(477)"19"
080 _a(06)
245 0 0 _aPolska-Ukraina :
_btrudne pytania.
_nT. 5,
_pMateriały V międzynarodowego seminarium historycznego "Stosunki polsko-ukraińskie w latach II wojny światowej", Łuck 27-29 kwietnia 1999 /
_c[opracowanie redakcyjne Romuald Niedzielko].
260 _aWarszawa :
_bŚwiatowy Związek Żołnierzy Armii Krajowej :
_bZwiązek Ukraińców w Polsce,
_c1999.
300 _a379 stron ;
_c21 cm.
336 _aTekst
_btxt
_2rdacontent
337 _aBez urządzenia pośredniczącego
_bn
_2rdamedia
338 _aWolumin
_bnc
_2rdacarrier
380 _aKsiążki.
380 _aPublikacje naukowe
504 _aIndeksy.
546 _aStreszczenia w języku angielskim.
648 4 _a1901-2000
648 4 _a1945-1989
648 4 _a1989-2000
648 4 _a1939-1945
651 4 _aUkraina
651 4 _aPolska
655 4 _aMateriały konferencyjne
658 _aHistoria
658 _aPolityka, politologia, administracja publiczna
700 1 _aNiedzielko, Romuald
_eOpracowanie
710 2 _aŚwiatowy Związek Żołnierzy Armii Krajowej
_4pbl.
856 _uhttp://koha.tu.koszalin.pl/cgi-bin/koha/opac-detail.pl?biblionumber=37245
_yKatalog online BPK
942 _2UKD
_cKS
999 _c37245
_d37245